An introduction to map projections / (Record no. 90158)

MARC details
000 -LEADER
fixed length control field 00562nam a22001937a 4500
005 - DATE AND TIME OF LATEST TRANSACTION
control field 20141124110912.0
010 ## - LCCN (DPL NO)
LC control number ENG-111291
020 ## - INTERNATIONAL STANDARD BOOK NUMBER
International Standard Book Number 9788190383479
Terms of availability 375.00
035 ## - SYSTEM CONTROL NUMBER
System control number EN-94823
037 ## - SOURCE OF ACQUISITION
Source of stock number/acquisition DBAD/PUB
082 ## - DEWEY DECIMAL CLASSIFICATION NUMBER
Classification number 526.8
100 ## - MAIN ENTRY--PERSONAL NAME
Personal name Talukder, Suren
245 ## - TITLE STATEMENT
Title An introduction to map projections /
Statement of responsibility, etc by Suren Talukder
260 ## - PUBLICATION, DISTRIBUTION, ETC. (IMPRINT)
Place of publication, distribution, etc Guwahati
Name of publisher, distributor, etc EBH Publishers
Date of publication, distribution, etc 2008
270 ## - ADDRESS
Address 136, M.L. Nehru Road, Panbazar
City Guwahati
Postal code 781001
300 ## - PHYSICAL DESCRIPTION
Extent viii,128p.
Dimensions 23cm(Hb)
500 ## - GENERAL NOTE
General note Includes index
942 ## - ADDED ENTRY ELEMENTS (KOHA)
Source of classification or shelving scheme Dewey Decimal Classification
Item type English Books
Call number suffix TAL
Classification part 526.8
Holdings
Withdrawn status Lost status Not for loan Collection code Home library Current library Date acquired Source of acquisition Cost, normal purchase price Full call number Barcode Copy number Cost, replacement price Koha item type
    Not For Loan Non-fiction D.B.Act.Division D.B.Act.Division 19/11/2014 DBAD/PUB 375.00 526.8 TAL EN-94823 1 375.00 English Books

© Delhi Public Library
Hit Counter
free hit counter